000 00628cam a22002173a 4500
001 36919
003 PGUSA
005 20140828083816.0
008 110731s2011||||xxu|||||s|||||000 | eng d
040 _aPGUSA
_beng
042 _adc
100 1 _aVorse, Mary Heaton,
_d1874-1966
245 1 4 _aThe Heart's Country
_h[electronic resource] /
_cMary Heaton Vorse
260 _bProject Gutenberg,
_c2011
506 _aPublic domain in the USA.
516 _aElectronic text
700 1 _aStephens, Alice Barber,
_d1858-1932
830 0 _aProject Gutenberg
_v36919
856 4 0 _uhttp://www.gutenberg.org/ebooks/36919
942 _cEB
999 _c266174
_d266174